| 000 | 01137aam a2200301 i 4500 | ||
|---|---|---|---|
| 999 |
_c38090 _d38090 |
||
| 001 | 7888 | ||
| 003 | CO-MdBIC | ||
| 005 | 20190508162220.0 | ||
| 008 | 190503t1996 -usa|||| |||| 00| 0 spa d | ||
| 020 | _a1559456892 | ||
| 040 |
_aCO-MdFUSB _bspa _cCO-MdFUSB _dCO-MdFUSBC _erda |
||
| 041 | _aspa | ||
| 082 | 0 | 4 |
_a268.432 _226 _bS112i |
| 240 | _aPick and choose: program ideas for children's ministry | ||
| 245 | 1 | 0 |
_aEscoja y seleccione : Ideas dinámicas para el ministerio con los niños : _b¡prepare su clase bíblica en pocos minutos! _c/ Editor Esteban Saavedra ; Traducido por Aradí Rivera. |
| 264 | 1 |
_aColorado, USA : _bAcción, _c[1996] |
|
| 264 | 4 | _c© 1996 | |
| 300 |
_a126 páginas _c; 23 cm |
||
| 336 |
_atexto _btxt _2rdacontent |
||
| 337 |
_2rdamedia _asin mediación _bn |
||
| 338 |
_2rdacarrier _avolumen _bnc |
||
| 505 | _aIdeas para la adoración dinámica. -- Historias. -- Ideas para ocasiones especiales. -- .Manualidades. | ||
| 563 | _aRústico. | ||
| 650 | 7 |
_9349 _aEducación cristiana |
|
| 700 |
_91772 _aSaavedra, Esteban, _eeditor |
||
| 700 |
_91773 _aRivera, Aradí, _e traductor |
||
| 942 | _cBK | ||